NCAAM Basketball Logo Quiz: Northeast - Statistics

General Stats
  • This quiz has been taken 177 times
    58 since last reset
  • The average score is 7 of 10
Answer Stats
Picture Answer % Correct
Central Connecticut
90%
Fairleigh Dickinson
87%
Long Island
87%
St. Francis (PA)
87%
Chicago St.
72%
Wagner
69%
Mercyhurst
64%
Stonehill
59%
Le Moyne
54%
New Haven
49%
No matching quizzes found
Score Distribution
Percent of People with Each Score
Percentile by Number Answered
Your Score History
You have not taken this quiz since the last reset